| 000 | 00619nam a2200193 u 4500 | ||
|---|---|---|---|
| 005 | 20220601074031.0 | ||
| 008 | 070829s1992 r 000 0 eng d | ||
| 035 | _aUPN01000151609 | ||
| 040 | _aCG | ||
| 050 | 4 |
_aPQ7297 N5 _bZ6 |
|
| 100 | 1 | _aLópez Ordáz, Juan Rogelio | |
| 245 | 1 | 0 |
_aAmado Nervo : _bmosaico biográfico / _cJuan Rogelio López Ordáz. |
| 260 |
_aTepic : _b[Gobierno del Estado], _c1992. |
||
| 300 |
_a2 v. : _bil. |
||
| 600 | 1 | 4 |
_aNERVO, AMADO, _d1870-1919 |
| 650 | 2 |
_aAutores mexicanos _ySiglo XX _vBiografía _94068 |
|
| 650 | 4 |
_aAUTORES MEXICANOS - _ySIGLO XIX - _vBIOGRAFIA _95170 |
|
| 905 | _aLibro | ||
| 999 |
_c123745 _d123745 |
||